000
00294nam a2200133Ia 4500
005
20251222144641.0
008
251222s9999||||xx |||||||||||||| ||spa||
082
_a
858.31/A72
100
_a
Amosto, Ludovico
245
0
_a
Le Opere Minori
250
_a
2a.ed.
264
_b
Nuova
942
_c
LIB
999
_c
16680
_d
16680